<?xml version="1.0" encoding="UTF-8"?>
<collection xmlns="http://www.loc.gov/MARC21/slim">
 <record>
  <leader>01494nam a22003131  4500</leader>
  <controlfield tag="001">1/17483</controlfield>
  <controlfield tag="008">010327m19971999gr o     b   l0 0   gre d</controlfield>
  <datafield tag="020" ind1=" " ind2=" ">
   <subfield code="a">9603012998 (v. xxvi)</subfield>
  </datafield>
  <datafield tag="020" ind1=" " ind2=" ">
   <subfield code="a">9603013811 (v. xxvii)</subfield>
  </datafield>
  <datafield tag="020" ind1=" " ind2=" ">
   <subfield code="a">9603014516 (v. xxviii)</subfield>
  </datafield>
  <datafield tag="035" ind1=" " ind2=" ">
   <subfield code="l">18005</subfield>
  </datafield>
  <datafield tag="040" ind1=" " ind2=" ">
   <subfield code="a">GR-PeUP</subfield>
  </datafield>
  <datafield tag="082" ind1="0" ind2="0">
   <subfield code="a">341.01 IN</subfield>
  </datafield>
  <datafield tag="110" ind1="2" ind2=" ">
   <subfield code="a">Institute of International Public Law and International Relations of Thessaloniki.</subfield>
  </datafield>
  <datafield tag="245" ind1="1" ind2="0">
   <subfield code="a">Thesaurus acroasium /</subfield>
   <subfield code="c">Institute of International Public Law and International Relations of Thessaloniki ; ed. Kalliopi Koufa</subfield>
  </datafield>
  <datafield tag="260" ind1=" " ind2=" ">
   <subfield code="a">Θεσσαλονίκη :</subfield>
   <subfield code="b">Σάκκουλας,</subfield>
   <subfield code="c">1997-1999</subfield>
  </datafield>
  <datafield tag="300" ind1=" " ind2=" ">
   <subfield code="a">v.</subfield>
  </datafield>
  <datafield tag="504" ind1=" " ind2=" ">
   <subfield code="a">Περιέχει βιβλιογραφία</subfield>
  </datafield>
  <datafield tag="505" ind1="0" ind2=" ">
   <subfield code="a">v. xxvi. International justice -- v. xxvii. International law and the turn of the century -- v. xxviii. Might and right in international relations</subfield>
  </datafield>
  <datafield tag="650" ind1=" " ind2="4">
   <subfield code="a">International law.</subfield>
  </datafield>
  <datafield tag="650" ind1=" " ind2="4">
   <subfield code="a">Social justice.</subfield>
  </datafield>
  <datafield tag="650" ind1=" " ind2="4">
   <subfield code="a">Human rights.</subfield>
  </datafield>
  <datafield tag="700" ind1="1" ind2=" ">
   <subfield code="a">Κουφά, Καλλιόπη,</subfield>
   <subfield code="e">επιμ.</subfield>
  </datafield>
  <datafield tag="740" ind1="0" ind2="1">
   <subfield code="a">International justice</subfield>
  </datafield>
  <datafield tag="740" ind1="0" ind2="1">
   <subfield code="a">International law and the turn of the century</subfield>
  </datafield>
  <datafield tag="740" ind1="0" ind2="1">
   <subfield code="a">Might and right in international relations</subfield>
  </datafield>
  <datafield tag="852" ind1=" " ind2=" ">
   <subfield code="a">INST</subfield>
   <subfield code="b">UNIPILB</subfield>
   <subfield code="c">MAIN</subfield>
   <subfield code="e">20040709</subfield>
   <subfield code="h">341.01 IN</subfield>
   <subfield code="p">00135660</subfield>
   <subfield code="q">00135660</subfield>
   <subfield code="t">LOAN</subfield>
   <subfield code="v">v. xxvi:</subfield>
   <subfield code="y">0</subfield>
   <subfield code="z">v. xxvi</subfield>
   <subfield code="4">1</subfield>
  </datafield>
  <datafield tag="852" ind1=" " ind2=" ">
   <subfield code="a">INST</subfield>
   <subfield code="b">UNIPILB</subfield>
   <subfield code="c">MAIN</subfield>
   <subfield code="e">20040709</subfield>
   <subfield code="h">341.01 IN</subfield>
   <subfield code="p">00135661</subfield>
   <subfield code="q">00135661</subfield>
   <subfield code="t">LOAN</subfield>
   <subfield code="v">v. xxvii:</subfield>
   <subfield code="y">0</subfield>
   <subfield code="z">v. xxvii</subfield>
   <subfield code="4">2</subfield>
  </datafield>
  <datafield tag="852" ind1=" " ind2=" ">
   <subfield code="a">INST</subfield>
   <subfield code="b">UNIPILB</subfield>
   <subfield code="c">MAIN</subfield>
   <subfield code="e">20040709</subfield>
   <subfield code="h">341.01 IN</subfield>
   <subfield code="p">00135662</subfield>
   <subfield code="q">00135662</subfield>
   <subfield code="t">LOAN</subfield>
   <subfield code="v">v. xxviii:</subfield>
   <subfield code="y">0</subfield>
   <subfield code="z">v. xxviii</subfield>
   <subfield code="4">3</subfield>
  </datafield>
 </record>
</collection>
